Online
Catalog

Obras artistas plásticos, Dirección General de Aduanas / (Record no. 50755)

MARC details
000 -CABECERA
campo de control de longitud fija 01914nam a2200337 a 4500
003 - IDENTIFICADOR DEL NÚMERO DE CONTROL
campo de control DO-SdBNP
005 - FECHA Y HORA DE LA ÚLTIMA TRANSACCIÓN
campo de control 20250403120423.0
007 - CAMPO FIJO DE DESCRIPCIÓN FÍSICA--INFORMACIÓN GENERAL
campo de control de longitud fija ta
008 - DATOS DE LONGITUD FIJA--INFORMACIÓN GENERAL
campo de control de longitud fija 211014e2018 dr a|||grc||| 001 0 spa d
020 ## - NÚMERO INTERNACIONAL ESTÁNDAR DEL LIBRO
Número Internacional Estándar del Libro 9789945894158
040 ## - FUENTE DE LA CATALOGACIÓN
Centro catalogador/agencia de origen DO-SdBNP
Lengua de catalogación spa
Centro/agencia transcriptor BNPHU
082 #4 - NÚMERO DE LA CLASIFICACIÓN DECIMAL DEWEY
Número de clasificación 700.97293
Número de documento/Ítem O13a
Número de edición 22
110 12 - ENTRADA PRINCIPAL--NOMBRE DE ENTIDAD CORPORATIVA
Nombre de entidad corporativa o nombre de jurisdicción como elemento de entrada República Dominicana.
Unidad subordinada Dirección General de Aduanas.
9 (RLIN) 43102
245 00 - MENCIÓN DE TÍTULO
Título Obras artistas plásticos, Dirección General de Aduanas /
Mención de responsabilidad, etc. editora María de Carmen Ossaye ; fotografía, Hugo Garay ; Mariano Hernández ; prólogo, Pedro Vergés.
260 ## - PUBLICACIÓN, DISTRIBUCIÓN, ETC.
Lugar de publicación, distribución, etc. Santo Domingo :
Nombre del editor, distribuidor, etc. Dirección General de Aduanas,
Fecha de publicación, distribución, etc. 2018.
300 ## - DESCRIPCIÓN FÍSICA
Extensión v. :
Otras características físicas il. ;
Dimensiones 30 cm.
490 1# - MENCIÓN DE SERIE
Mención de serie Aduanas
500 ## - NOTA GENERAL
Nota general Incluye índice de artistas: v.1, p. 263-277; v.2, p. 240-250; v.3, p. 211- 222
505 ## - NOTA DE CONTENIDO CON FORMATO
Nota de contenido con formato Presentación. /
Mención de responsabilidad Miguel Coco Guerrero.--
Título Palabras del director. /
Mención de responsabilidad Enrique A. Ramírez Paniagua.--
Título Prólogo.--
-- Introducción.--
-- El museo de arte de la Dirección General Aduanas,--
-- Arte, historia, colección y aduana Dominicana
-- Danilo de los Santos. /
Mención de responsabilidad Generación de los 20 a los 50.--
-- Generación de los 20--
-- Generación de los 30 a los 40.--
-- Generación de los 50.--
-- Generación de los 60.--
Título Myrna Guerrero. /
Mención de responsabilidad Generación de los 60.--
-- Generación de los 70, 80 y los 90.--
Título Marianne de Tolentino. /
Mención de responsabilidad Generación de los 70, 80 y los 90.--
Título Escultura.--
-- Índice de artistas.
590 ## - NOTA LOCAL (RLIN)
Nota local Inventariado 2021 / MF
650 #4 - PUNTO DE ACCESO ADICIONAL DE MATERIA--TÉRMINO DE MATERIA
9 (RLIN) 37843
Término de materia o nombre geográfico como elemento de entrada Arte Dominicano.
Subdivisión cronológica Siglo XX
650 #4 - PUNTO DE ACCESO ADICIONAL DE MATERIA--TÉRMINO DE MATERIA
Término de materia o nombre geográfico como elemento de entrada Pintura dominicana
9 (RLIN) 80233
Subdivisión cronológica Siglo XX
650 #4 - PUNTO DE ACCESO ADICIONAL DE MATERIA--TÉRMINO DE MATERIA
Término de materia o nombre geográfico como elemento de entrada Escultura
Subdivisión geográfica República Dominicana
Subdivisión cronológica Siglo XX
9 (RLIN) 80323
700 1# - PUNTO DE ACCESO ADICIONAL--NOMBRE DE PERSONA
Nombre de persona Ossaye, María de Carmen,
Término indicativo de función/relación editora.
9 (RLIN) 80234
700 1# - PUNTO DE ACCESO ADICIONAL--NOMBRE DE PERSONA
Nombre de persona Verges, Pedro,
Fechas asociadas al nombre 1945-
Término indicativo de función/relación prólogo
9 (RLIN) 12149
700 1# - PUNTO DE ACCESO ADICIONAL--NOMBRE DE PERSONA
Nombre de persona Garay, Hugo,
Término indicativo de función/relación fotógrafo
9 (RLIN) 80235
700 1# - PUNTO DE ACCESO ADICIONAL--NOMBRE DE PERSONA
9 (RLIN) 59875
Nombre de persona Hernández, Mariano,
Término indicativo de función/relación fotógrafo
830 ## - PUNTO DE ACCESO ADICIONAL DE SERIE-TÍTULO UNIFORME
Título uniforme Colección Aduanas
9 (RLIN) 80237
910 ## - DATOS DE OPCIÓN DEL USUARIO (OCLC)
Datos de opción del usuario Validado. Control de calidad MFF
942 ## - ELEMENTOS DE PUNTO DE ACCESO ADICIONAL (KOHA)
Fuente del sistema de clasificación o colocación Dewey Decimal Classification
Tipo de ítem Koha Libro
Holdings
Estado de retiro Estado de pérdida Fuente del sistema de clasificación o colocación Restricciones de uso No para préstamo Código de colección Localización permanente Ubicación/localización actual Ubicación en estantería Fecha de adquisición Fuente de adquisición Total de préstamos Signatura topográfica completa Código de barras Fecha visto por última vez Número de copia Precio válido a partir de Tipo de ítem Koha
    Dewey Decimal Classification Excluido de préstamo   Patrimonio Dominicano Biblioteca Nacional Pedro Henríquez Ureña Patrimonio Dominicano Depósito 09.08.2019 Depósito legal / Fundación de patrimonio Cultural   BNPHU PD 700.97293 O13a 2021-27396 14.10.2021 v.1 14.10.2021 Libro y Folleto Colección Patrimonio Dominicano
    Dewey Decimal Classification Excluido de préstamo   Patrimonio Dominicano Biblioteca Nacional Pedro Henríquez Ureña Patrimonio Dominicano Depósito 09.08.2019 Depósito legal / Fundación de patrimonio Cultural   BNPHU PD 700.97293 O13a 2021-27397 15.10.2021 v.2 15.10.2021 Libro y Folleto Colección Patrimonio Dominicano
    Dewey Decimal Classification Excluido de préstamo   Dominicana de Servicio Biblioteca Nacional Pedro Henríquez Ureña Patrimonio Dominicano Depósito 09.08.2019 Depósito legal / Fundación de patrimonio Cultural   BNPHU DS 700.97293 O13a 2021-27398 15.10.2021 v.3 15.10.2021 Libro y Folleto Colección Dominicana de Servicio

Powered by Koha